Statistics for Hiragana (+ Japanese) Reading Practice

Click here to take the quiz!

General Stats

  • This quiz has been taken 9,644 times
  • The average score is 32 of 52

Answer Stats

Romaji% Correct
Arigatou
95%
Konnichi-wa
95%
Iie
94%
Hai
93%
Ohayou
92%
Sayounara
92%
Sumimasen
91%
Eki
90%
Moshi moshi
90%
Oyasumi
90%
Ikimasu
88%
Wakarimasen
86%
(to) go
83%
Kudasai
79%
Oishii
74%
Sugoi
74%
Tomodachi
73%
Gomennasai
71%
Ookami
71%
Niwatori
70%
Ongaku
70%
Sensei
70%
Ashita
69%
Midori
69%
Getsuyoubi
68%
Sekai
68%
Hello (when answering the phone)
67%
Kazoku
66%
Amazing
65%
Good afternoon/hello
65%
Thank you
64%
Goodbye
62%
Yes
62%
No
61%
Good morning
56%
Teacher/master
51%
Excuse me
50%
Good night
46%
Please
42%
Friend
40%
Delicious
33%
I'm sorry
31%
(the) World
28%
Green
27%
I don't understand
23%
Tomorrow
21%
Family
19%
Monday
16%
Station
16%
Wolf
15%
Music
13%
Chicken
10%

Score Distribution

Percentile by Number Answered

Percent of People with Each Score

Your Score History

You have not taken this quiz